| 000 | 00405nam a22001097a 4500 | ||
|---|---|---|---|
| 008 | 230619b xxu||||| |||| 00| 0 eng d | ||
| 082 |
_a303.48 _bCPA |
||
| 245 |
_a16th African Regional Conference of the _bCommonwealth Parliamentary Association Mauritius 1985 |
||
| 260 |
_aMauritius _bSecretariat of the Mauritius Branch of the Commonwealth Parliamentary Association _c1985 |
||
| 300 | _a115p | ||
| 942 |
_2ddc _cBK |
||
| 999 |
_c1210 _d1210 |
||